Reflets du divin : antiquites pharaoniques et classiques d'une collection privee : Musee d'art et d'histoire, Geneve, du 30 aout 2001 au 3 fevrier 2002 /

Saved in:

Corporate Author: Geneva (Switzerland). Musée d'art et d'histoire.

Other Authors: Chappaz, Jean-Luc., Chamay, Jacques.

Format: Book

Language: French

Published: Geneve : Musées d'art et d'histoire, 2001.

Subjects:

Tags: Add Tag

No Tags, Be the first to tag this record!

Call Number: DT59 .G4 R445 2001

LEADER 01040namaa2200277 4500
001 13471
003 OSt
005 20260517130617.0
008 130303s2001 sz a 000 0 fre d
020 |a 2830601955 
020 |a 9782830601954 
040 |c ARCE Library 
043 |a f-ua---  |a e-gr---  |a e-it--- 
050 4 |a DT59 .G4 R445 2001 
245 0 0 |a Reflets du divin :  |b antiquites pharaoniques et classiques d'une collection privee : Musee d'art et d'histoire, Geneve, du 30 aout 2001 au 3 fevrier 2002 /  |c [auteurs des notices du catalogue: Jean-Luc Chappaz et Jacques Chamay]. 
264 1 |a Geneve :  |b Musées d'art et d'histoire,  |c 2001. 
300 |a 159 pages :  |b illustrations (color) ;   |c 28 cm. 
651 0 |a Egypt  |x Antiquities  |v Exhibitions. 
651 0 |a Greece  |x Antiquities  |v Exhibitions. 
651 0 |a Rome  |x Antiquities  |v Exhibitions. 
700 1 |a Chappaz, Jean-Luc. 
700 1 |a Chamay, Jacques.  |9 27887 
710 1 |a Geneva (Switzerland).  |b Musée d'art et d'histoire. 
901 |a reviewed 
942 |c BK  |2 lcc 
999 |c 14546  |d 14546